O potřebnosti národů / Roger Scruton ; [z anglického originálu ... přeložili Eduard Bakalář a Pavel Pšeja]
Record details
- ISBN: 978-80-7325-245-8 (brož.) :
- Physical Description: 87 s. ; 21 cm
- Edition: 1. vyd.
- Publisher: Brno : Centrum pro studium demokracie a kultury, 2011
Content descriptions
| Bibliography, etc. Note: | Obsahuje bibliografické odkazy a rejstřík |
Search for related items by subject
| Subject: | národní stát občanství > Anglie vlastenectví > Anglie politologie |
| Genre: | studie |
Search for related items by series
Available copies
- 1 of 1 copy available at Common Catalog SPOK.
Holds
- 0 current holds with 1 total copy.
Show Only Available Copies
| Location | Call Number / Copy Notes | Barcode | Shelving Location | Status | Due Date |
|---|---|---|---|---|---|
| Jabok Library | Soc-5.2 | 424480027247 | Odborná literatura | Available | - |
| LDR | 01606cam a22004817a 4500 | ||
|---|---|---|---|
| 001 | 16821 | ||
| 003 | CZ-PrJAB | ||
| 005 | 20121126105425.0 | ||
| 007 | ta | ||
| 008 | 110603s2011 xr e 001 0 cze | ||
| 015 | . | ‡acnb002195287 | |
| 020 | . | ‡a978-80-7325-245-8 (brož.) : ‡cKč 149,00 | |
| 035 | . | ‡a(CONS)16821 | |
| 035 | . | ‡a(CZ PrCU)001386401 | |
| 040 | . | ‡aABA001 ‡bcze ‡dABD003 ‡dABD107 ‡dABD064 ‡dABD001 ‡dABD103 | |
| 041 | 1 | . | ‡acze ‡heng |
| 072 | 7. | ‡a321 ‡xPolitologie ‡2Konspekt ‡915 | |
| 080 | . | ‡a323.1:342.1 ‡2MRF | |
| 080 | . | ‡a172.12 ‡2MRF | |
| 080 | . | ‡a172.15 ‡2MRF | |
| 080 | . | ‡a(410.1) ‡2MRF | |
| 100 | 1 | . | ‡aScruton, Roger, ‡d1944- ‡7skuk0001256 ‡4aut |
| 245 | 1 | 0. | ‡aO potřebnosti národů / ‡cRoger Scruton ; [z anglického originálu ... přeložili Eduard Bakalář a Pavel Pšeja] |
| 250 | . | ‡a1. vyd. | |
| 260 | . | ‡aBrno : ‡bCentrum pro studium demokracie a kultury, ‡c2011 | |
| 300 | . | ‡a87 s. ; ‡c21 cm | |
| 490 | 1 | . | ‡aQuaestiones quodlibetales ; ‡vno. 16 |
| 504 | . | ‡aObsahuje bibliografické odkazy a rejstřík | |
| 650 | 0 | 7. | ‡anárodní stát ‡2czenas ‡7ph123439 |
| 650 | 0 | 7. | ‡aobčanství ‡zAnglie ‡2czenas ‡7ph257867 |
| 650 | 0 | 7. | ‡avlastenectví ‡zAnglie ‡2czenas ‡7ph127129 |
| 650 | 0 | 7. | ‡apolitologie ‡7ph115796 ‡2czenas |
| 655 | 7. | ‡astudie ‡7fd133597 ‡2czenas | |
| 700 | 1 | . | ‡aBakalář, Eduard ‡4trl |
| 700 | 1 | . | ‡aPšeja, Pavel, ‡d1970- ‡7xx0008734 ‡4trl |
| 765 | 0 | . | ‡tEngland and the need for nations ‡9Česky |
| 830 | 0. | ‡aQuaestiones quodlibetales (CDK) | |
| 910 | . | ‡aABG312 | |
| 928 | 9 | . | ‡aCentrum pro studium demokracie a kultury (CDK) |
| 901 | . | ‡a16821 ‡b ‡c16821 ‡tbiblio | |